Concentración económica de los medios de comunicación

Αποθηκεύτηκε σε:
Λεπτομέρειες βιβλιογραφικής εγγραφής
Κύριοι συγγραφείς: Sunkel, Guillermo (Συγγραφέας), Geoffroy, Esteban (Συγγραφέας)
Μορφή: Βιβλίο
Γλώσσα:Ισπανικά
Έκδοση: Santiago LOM 2001
Σειρά:Colección Nuevo Periodismo
Θέματα:
Ετικέτες: Προσθήκη ετικέτας
Δεν υπάρχουν, Καταχωρήστε ετικέτα πρώτοι!

MARC

LEADER 00000nam a2200000 a 4500
001 UCM0861
003 CL-VaPUC
008 020315e20011100CL |||||||||||||||||spa|d
020 |a 9562824152 
082 0 4 |a 302.23  |b SUN  |2 21 
100 0 |a Sunkel, Guillermo  |e author  |9 467872 
700 0 |a Geoffroy, Esteban  |e author  |9 467873 
245 1 0 |a Concentración económica de los medios de comunicación 
300 |a 123 p 
942 |c BK 
945 |d 20020315 00:00:00  |a cmena 
260 |a Santiago  |b LOM  |c 2001 
650 0 |a Medios de comunicación de masas  |9 257273 
650 7 |a SOCIOLOGIA DE LAS COMUNICACIONES  |2 CL-VaPUC  |9 467874 
650 7 |a LIBERTAD DE EXPRESION - PODER ECONOMICO  |2 CL-VaPUC  |9 467875 
583 |a last modification  |c 20020315 00:00:00  |k Rodrigo Vera 
490 0 |a Colección Nuevo Periodismo 
999 |c 299669  |d 299667 
952 |0 0  |1 0  |4 0  |6 302_230000000000000_SUN_2001  |7 0  |8 A  |9 356425  |a BIBCUR  |b BIBCUR  |d 2019-11-21  |i 3799255  |o 302.23 SUN 2001  |p 3799255  |r 2025-04-22  |w 2019-11-21  |y BK  |k PER 
952 |0 0  |1 0  |4 0  |6 302_230000000000000_SUN_2001  |7 0  |8 A  |9 356426  |a BIBCUR  |b BIBCUR  |d 2019-11-21  |i 3809226  |o 302.23 SUN 2001  |p 3809226  |r 2025-04-22  |w 2019-11-21  |y BK  |k PER 
952 |0 0  |1 0  |4 0  |6 302_230000000000000_SUN_2001  |7 0  |8 A  |9 356427  |a BIBCUR  |b BIBCUR  |d 2019-11-21  |i 4003926  |o 302.23 SUN 2001  |p 4003926  |r 2025-04-22  |w 2019-11-21  |y BK  |k PER